3-Letter Words with Double Letters Quiz Stats

 Plays Quiz Updated Oct 4, 2016

Score 0/61 Timer 04:00
5 Plays Today
% Correct
bee
82.6%
all
82%
add
79.6%
boo
79.2%
tee
73.9%
ass
73.5%
see
73.3%
coo
72%
too
71.9%
moo
71.7%
fee
71.7%
dee
70.8%
gee
70.8%
loo
70.7%
poo
70.6%
pee
70.3%
lee
69.6%
goo
67.2%
wee
65.9%
baa
64.5%
app
64.1%
cee
60.7%
nee
60.4%
woo
60.4%
zoo
59.1%
hoo
57.7%
foo
57.4%
ill
55.1%
roo
55.1%
ell
54.5%
eel
53.4%
% Correct
vee
52.2%
egg
51.7%
att
51.6%
aah
51.6%
zee
50%
ree
45.9%
ebb
45.8%
aff
45.5%
noo
45.2%
err
44.4%
eff
43.4%
aal
43%
ess
41.5%
odd
38.8%
inn
38.8%
aas
38.7%
eek
36.3%
jee
34.8%
off
34.6%
ooh
22.9%
eew
22.7%
iff
19.8%
brr
15.1%
oof
15%
igg
14%
umm
13.2%
oot
12.3%
grr
8.8%
shh
7.5%
hmm
6.6%

You're not logged in!

Compare scores with friends on all Sporcle quizzes.
OR
Log In

Sporcle TV

Today on Sporcle TV


Watch our educational content, quiz creation guides, and fun videos on Sporcle TV.

Show Comments

Extras

Top Quizzes Today


Score Distribution

Your Account Isn't Verified!

In order to create a playlist on Sporcle, you need to verify the email address you used during registration. Go to your Sporcle Settings to finish the process.

Report this User

Report this user for behavior that violates our Community Guidelines.

Details: